| 000 | 00851nam a2200289Ia 4500 | ||
|---|---|---|---|
| 003 | OSt | ||
| 005 | 20220912151227.0 | ||
| 006 | a|||||r|||| 00| 0 | ||
| 007 | ta | ||
| 008 | 220909b |||||||| |||| 00| 0 eng d | ||
| 024 | _a29429 | ||
| 037 | _cTextual | ||
| 040 |
_aCSL _beng _cCSL |
||
| 041 | _aeng | ||
| 082 | _aB280j33, M1 | ||
| 100 | _aIbragimov I A | ||
| 245 | 0 | _aStatistical estimation: asymptotic theory | |
| 260 |
_aNew York _b Springer Verlag _c1981 |
||
| 300 |
_avii, 403p. _ccm. illus. |
||
| 490 | _aApplications of Mathematics; 16 | ||
| 500 | _aBibliography 395-400p; Appendix 382-388p | ||
| 650 | _aStatistics-Computer science | ||
| 700 | _a Has'Minskii R Z | ||
| 700 | _a Kotz Samuel | ||
| 942 |
_hB280j33, M1 _cTEXL _2CC |
||
| 999 |
_c64022 _d64022 |
||